| 000 | 00394nam a22001457a 4500 | ||
|---|---|---|---|
| 082 |
_a531 _bROS _cL-5, P48 |
||
| 100 |
_aRosenberg, F. _940073 |
||
| 245 |
_aFirst Stage Mechanics of Solids _cRosenberg |
||
| 250 | _a5th | ||
| 260 |
_aLondon _bMnioersitp _c1913 |
||
| 300 |
_aviii, 280, p. : _bill, _c25cm |
||
| 526 |
_a0 _b0 _c0 _d531_000000000000000_ROS |
||
| 650 |
_aMCE _9379 |
||
| 942 |
_2ddc _cBK |
||
| 999 |
_c544443 _d544443 |
||